LEADER 03094 am 2200733 n 450 001 9910348255303321 005 20190116 010 $a2-7297-0987-8 024 7 $a10.4000/books.pul.14048 035 $a(CKB)4100000009763174 035 $a(FrMaCLE)OB-pul-14048 035 $a(oapen)https://directory.doabooks.org/handle/20.500.12854/46430 035 $a(PPN)241654300 035 $a(EXLCZ)994100000009763174 100 $a20210809j|||||||| ||| 0 101 0 $afre 135 $auu||||||m|||| 181 $ctxt$2rdacontent 182 $cc$2rdamedia 183 $acr$2rdacarrier 200 10$aDes engrenages à la chaîne $eLes usines Citroën (1915-1935) /$fSylvie Schweitzer 210 $aLyon $cPresses universitaires de Lyon$d2019 215 $a1 online resource (208 p.) 311 $a2-7297-0159-1 330 $a"Citroën, 1915-1935... Cet ouvrage n?est ni l?histoire d?un homme, André Citroën, qui inscrivit son nom sur la Tour Eiffel, ni celle d?une entreprise née du premier conflit mondial, constituée en société anonyme, marquée de vicissitudes et ambassadrice du savoir-faire des ingénieurs français. On ne parlera ni de capitaux, ni de conseils d?administration, ni de filiales ou de service commercial, ni même de marché ou de concurrence avec les autres constructeurs, et pas seulement d?automobile. Rarement nommées, celles-ci restent pourtant l?articulation majeure de la recherche par l?ensemble des symboles qu?elles véhiculent. Symboles d?une branche industrielle d?avant-garde, elles représentent le développement économique de l?entre-deux-guerres et aussi une classe ouvrière en mutation, combative par tradition, fer de lance du syndicat CGTU et du jeune parti communiste. Mais l?automobile est aussi cet objet mythique qui définit une société de consommation de masse bâtie sur l?organisation scientifique du travail." d'après le site de l'éditeur 606 $aHistory 606 $aindustrie 606 $aindustrie automobile 606 $aorganisation scientifique du travail 606 $ataylorisme 606 $afordisme 606 $apatron 606 $aouvrier 606 $ausine 606 $agrève 606 $alutte ouvrière 610 $apatron 610 $ataylorisme 610 $alutte ouvrière 610 $aindustrie 610 $ausine 610 $aorganisation scientifique du travail 610 $aouvrier 610 $afordisme 610 $aindustrie automobile 610 $agrève 615 4$aHistory 615 4$aindustrie 615 4$aindustrie automobile 615 4$aorganisation scientifique du travail 615 4$ataylorisme 615 4$afordisme 615 4$apatron 615 4$aouvrier 615 4$ausine 615 4$agrève 615 4$alutte ouvrière 700 $aSchweitzer$b Sylvie$0510690 701 $aSchweitzer$b Sylvie$0510690 801 0$bFR-FrMaCLE 906 $aBOOK 912 $a9910348255303321 996 $aDes engrenages à la chaîne$93033921 997 $aUNINA LEADER 06504oam 2200685 c 450 001 9910427732903321 005 20260302090207.0 010 $a9783847416623 010 $a3847416626 024 3 $a9783847416623 035 $a(CKB)4100000011663303 035 $a(Verlag Barbara Budrich)9783847416623 035 $a(MiAaPQ)EBC30196544 035 $a(Au-PeEL)EBL30196544 035 $a(Perlego)3257096 035 $a(EXLCZ)994100000011663303 100 $a20260302h20202021 uy 0 101 0 $ager 135 $aurnnunnnannuu 181 $ctxt$2rdacontent 182 $cc$2rdamedia 183 $acr$2rdacarrier 200 00$aIntersektionalität und Postkolonialität $eKritische feministische Perspektiven auf Politik und Macht /$fHeike Mauer, Johanna Leinius 205 $a1st ed. 210 $aLeverkusen$cVerlag Barbara Budrich$d2020 210 $d2020, c2021 215 $a1 online resource (301 p.) 225 0 $aPolitik und Geschlecht 311 08$a9783847424550 311 08$a3847424556 327 $aHeike Mauer und Johanna Leinius: Einleitung: Intersektionalität und Postkolonialität ? Kritische feministische Perspektiven auf Politik und Macht Nikita Dhawan und Birgit Sauer: Stuntreiter*innen: Intersektionalität und Postkolonialität in der deutschsprachigen politikwissenschaftlichen Forschung Teil I: Begriffsarbeit Johanna Leinius und Heike Mauer: Gratwanderungen zwischen Differenz und Gleichheit: Intersektionalität und Postkolonialität als Perspektiven der kritischen feministischen Forschung Laura Mohr: Queere Intersektionalität? Kritik und Transformation gesellschaftlich-kapitalistischer Verhältnisse Zubair Ahmad: Die Kategorie der Religion: Ein macht- und herrschaftsanalytisch vernachlässigter Begriff in der Politischen Theorie Floris Biskamp: Gayatri Spivak und der Wille zur Wahrheit: Die aktuellen Debatten um Islam, Patriarchat und Rassismus vor dem Hintergrund von French Feminism in an International Frame und Can the Subaltern Speak? Teil II: Staat und Institutionen Sonja John: Die Eliminierung der ?Anderen? ? Inhaftierung als Herrschaftsmittel Monika Götsch und Katrin Menke: Intersektionale Ungleichheiten: Die Ökonomisierung des deutschen Wohlfahrtsstaates und seine Folgen Helene Gerhards: Von Patient*innenzellen und Patient*innenzahlen: Intersektionale Perspektiven auf biomedizinische Forschung Teil III: Soziale Bewegungen Antje Daniel: Dekolonial und intersektional? Widersprüche der Herrschaftskritik in der südafrikanischen Studierendenbewegung Christine Löw: ?In Verteidigung unserer natürlichen Ressourcen?: Postkoloniale ökologische Bewegungen, Geschlechterverhältnisse und die Sicherung von Existenzgrundlagen Christopher Fritzsche: Ein ?überkonfessionelles Bündnis? gegen die Ehe für alle? Die ambivalente Haltung antifeministischer Akteure zum Islam Teil IV: Fazit Johanna Leinius und Heike Mauer: (K)einen Schlusspunkt setzen: Die Herausforderungen von Intersektionalität und Postkolonialität im deutschsprachigen Kontext 330 $aDer Sammelband zeigt den Mehrwert intersektionaler und postkolonialer Ansätze für die feministische Forschung zu Macht und Herrschaft und diskutiert das Verhältnis beider Ansätze zueinander. Die Autor*innen demonstrieren, wie diese innovativen kritischen Ansätze aktuelle gesellschaftswissenschaftliche Debatten unter anderem zu Religion, Gefängniskritik, der Ethik biomedizinischer Forschung, dem Wohlfahrtsstaat oder ökologischen und studentischen Bewegungen im globalen Süden bereichern. This edited volume shows the added value of intersectional and postcolonial approaches for feminist research on power and domination and discusses the relationship between the two approaches. The contributors show how these innovative critical approaches enrich current debates in political science on Islamic religion, incarceration, the ethics of biomedical research, the welfare state, and ecological and student movements in the global South, among others. 330 1 $aDie Vielfalt der Beiträge und nicht zuletzt deren profunde Rahmung durch die Herausgeberinnen machen den Band zu einem Gewinn und anschlussfähig für akademische Interessierte. Damit wird das Vorhaben eingelöst, innerhalb der deutschsprachigen Forschungslandschaft einen Beitrag zu intersektionalen und postkolonialen Debatten zu leis-ten und Impulse für deren größere Sichtbarkeit auch in der Politikwissenschaft zu setzen.Gender 01/2022Der 2021 erschienene, aus einer Tagung im Herbst 2017 entwickelte und unbedingt lesenswerte Sammelband greift beide Traditionen auf und führt sie in drei Rubriken zusammen: ?Begriffsarbeit?, ?Staat und Institutionen? und ?Soziale Bewegungen?. Dabei ist auffällig, dass sich die meisten der Beiträge entweder mit intersektionalen Perspektiven oder mit postkolonialen Ansätzen befassen, die sie dann jeweils auf politikwissenschaftliche Forschungsfelder beziehen, auf die sie bislang selten bezogen werden.https://link.springer.com/article/10.1007/s11615-021-00371-6 Die Beiträge decken geographisch und thematisch ein umfassendes Themenfeld ab und zeigen in ihrer Vielfalt und teils Gegensätzlichkeit den Mehrwert intersektionaler und postkolonialer Ansätze für die feministische Forschung zu Macht und Herrschaft, indem das Verhältnis beider Ansätze zueinander diskutiert wird. Auch über die Politikwissenschaft hinaus können hier Analysewerkzeuge für eine machtkritische Forschung abgeleitet werden. 410 0$aPolitik und Geschlecht Series 606 $aFeministische Theorie 606 $aIntersektionale Forschung 606 $aPostkoloniale Theorie 606 $aHerrschaftskritik 606 $aGeschlechterverhältnisse 606 $asoziale Bewegungen 606 $apolitische Ideengeschichte 606 $aStaat 606 $aGender 615 4$aFeministische Theorie 615 4$aIntersektionale Forschung 615 4$aPostkoloniale Theorie 615 4$aHerrschaftskritik 615 4$aGeschlechterverhältnisse 615 4$asoziale Bewegungen 615 4$apolitische Ideengeschichte 615 4$aStaat 615 4$aGender 702 $aMauer$b Heike$cDr.$4edt 702 $aLeinius$b Johanna$cDr.$4edt 801 0$bVerlag Barbara Budrich 801 1$bVerlag Barbara Budrich 906 $aBOOK 912 $a9910427732903321 996 $aIntersektionalita?t und Postkolonialita?t$92781706 997 $aUNINA